| 000 | 00907cab a2200277 4500 | ||
|---|---|---|---|
| 001 | ABS59247 | ||
| 008 | 090401t1998 xxu||||| |||| 00| 0 eng d | ||
| 035 | _a(Sirsi) u88589 | ||
| 041 | _aeng | ||
| 100 | _aWildman, D. | ||
| 245 | _aAccess v affordability | ||
| 260 | _c1998 | ||
| 350 | _a0 | ||
| 490 |
_aEstates Gazette _v(9838) 19 September 1998, 60(1) |
||
| 520 | _aLooks housebuilders` criticisms of the government`s revised regulations on housing provisions for disabled people. The Building Regulations Part M are due to come into effect in October 1999. | ||
| 650 | _aBUILDING REGULATIONS PART M | ||
| 650 | _aHOUSE BUILDERS FEDERATION | ||
| 650 | _aHOUSE BUILDERS | ||
| 650 | _aNEW HOMES | ||
| 650 | _aPEOPLE WITH DISABILITIES | ||
| 650 | _aREFORMS | ||
| 650 | _aROYAL ASSOCIATION FOR DISABILITY AND REHABILITATION | ||
| 700 | _aRose, A. | ||
| 942 | _n0 | ||
| 948 | _c23/09/1998 | ||
| 999 |
_c55998 _d55998 |
||